Statistics for Countries with norwegian embassies

Click here to take the quiz!

General Stats

  • This quiz has been taken 70 times
  • The average score is 77 of 84

Answers on the Map

Answers color-coded by a green-red scale on the quiz's map according to % correct below.
 

Answer Stats

Country% Correct
Belgium
100%
Brazil
100%
Canada
100%
China
100%
Czech Republic
100%
Denmark
100%
Egypt
100%
Estonia
100%
Finland
100%
France
100%
Germany
100%
Greece
100%
India
100%
Ireland
100%
Italy
100%
Japan
100%
Latvia
100%
Lithuania
100%
Mexico
100%
Morocco
100%
Netherlands
100%
Poland
100%
Russia
100%
South Africa
100%
Spain
100%
Sweden
100%
Switzerland
100%
Turkey
100%
United Kingdom
100%
Algeria
98%
Argentina
98%
Australia
98%
Chile
98%
Croatia
98%
Hungary
98%
Iceland
98%
Iran
98%
Pakistan
98%
Portugal
98%
Saudi Arabia
98%
South Korea
98%
Ukraine
98%
United States
98%
Austria
97%
Colombia
97%
Indonesia
97%
Romania
97%
Serbia
97%
Slovakia
97%
Vietnam
97%
Thailand
95%
United Arab Emirates
95%
Israel
93%
Malaysia
93%
Nigeria
93%
Kazakhstan
92%
Philippines
92%
Bosnia and
Herzegovina
90%
Afghanistan
88%
Angola
88%
Cuba
88%
Ethiopia
88%
Kenya
88%
Sudan
86%
Jordan
85%
Myanmar
85%
Tanzania
85%
Mali
83%
Nepal
83%
Bangladesh
80%
Kosovo
80%
Sri Lanka
80%
Ghana
78%
Madagascar
78%
Zambia
78%
Azerbaijan
71%
Mozambique
71%
Zimbabwe
71%
Lebanon
69%
Singapore
69%
Eritrea
64%
Uganda
64%
South Sudan
61%
Malawi
58%

Score Distribution

Percentile by Number Answered

Percent of People with Each Score

Your Score History

You have not taken this quiz